Science Quiz

Random Science Quiz

Personality Disorders Quiz Stats

 Plays Quiz not verified by Sporcle

Challenge
Share
Tweet
Embed
Score 0/10 Timer 05:00
0 Plays Today
Cluster Disorder % Correct
odd or eccentricParanoid Personality Disorder
84%
dramatic, emotional or erratic disordersAntisocial Personality Disorder
80.5%
dramatic, emotional or erratic disordersBorderline Personality Disorder
76.4%
anxious or fearful disordersObsessive-Compulsive Personality Disorder
73.4%
dramatic, emotional or erratic disordersNarcissistic Personality Disorder
71.9%
anxious or fearful disordersDependent Personality Disorder
67.8%
odd or eccentricSchizoid Personality Disorder
66.9%
dramatic, emotional or erratic disordersHistrionic Personality Disorder
65.4%
anxious or fearful disordersAvoidant Personality Disorder
62.8%
odd or eccentricSchizotypal Personality Disorder
59.5%

You're not logged in!

Compare scores with friends on all Sporcle quizzes.
Join for Free
OR
Log In

You Might Also Like...

Show Comments

Extras

Top Quizzes Today


Score Distribution

Your Account Isn't Verified!

In order to create a playlist on Sporcle, you need to verify the email address you used during registration. Go to your Sporcle Settings to finish the process.

Report this User

Report this user for behavior that violates our Community Guidelines.

Details: